| Tag |
First Indicator |
Second Indicator |
Subfields |
| LEADER |
00000cam a2200000Mi 4500 |
| 001 |
in00005628321 |
| 006 |
m o d |
| 007 |
cr |n||||||||a |
| 008 |
180424nuuuuuuuuxx o 000 0 und |
| 005 |
20250328182621.7 |
| 035 |
|
|
|a (OCoLC)on1224218287
|
| 040 |
|
|
|a AU@
|b eng
|c AU@
|e rda
|d WAU
|d OCLCO
|d OCLCL
|
| 035 |
|
|
|a (OCoLC)1224218287
|
| 049 |
|
|
|a TXAM
|
| 100 |
1 |
|
|a Clifford, Carrie Williams,
|d 1862-1934,
|e author.
|1 https://id.oclc.org/worldcat/entity/E39PBJktkCqPVT7MQBrKXMdYT3
|
| 245 |
1 |
0 |
|a Vierge Noire de Notre Dame du Puy /
|c by Carrie Williams Clifford.
|
| 264 |
|
1 |
|a [Place of publication not identified] :
|b [publisher not identified],
|c [20--?]
|
| 300 |
|
|
|a 1 online resource (1 page)
|
| 336 |
|
|
|a text
|b txt
|2 rdacontent
|
| 337 |
|
|
|a computer
|b c
|2 rdamedia
|
| 338 |
|
|
|a online resource
|b cr
|2 rdacarrier
|
| 500 |
|
|
|a Title from resource description page (viewed April 24, 2018).
|
| 546 |
|
|
|a In English.
|
| 546 |
|
|
|a Original language in English.
|
| 650 |
|
4 |
|a Women and Religion.
|
| 650 |
|
4 |
|a Religious beliefs.
|
| 655 |
|
7 |
|a Electronic books.
|2 local
|
| 655 |
|
4 |
|a Periodical article
|
| 710 |
2 |
|
|a Alexander Street (Firm)
|
| 758 |
|
|
|i has work:
|a Vierge Noire de Notre Dame du Puy (Text)
|1 https://id.oclc.org/worldcat/entity/E39PCYgdtpPvghjBy9TvkwTpMX
|4 https://id.oclc.org/worldcat/ontology/hasWork
|
| 773 |
0 |
|
|t The Crisis, Vol. 14, no. 6, August 1914, p. 318
|
| 856 |
4 |
0 |
|u http://proxy.library.tamu.edu/login?url=https://www.aspresolver.com/aspresolver.asp?WASS;2804687
|z Connect to the full text of this electronic book
|t 0
|
| 955 |
|
|
|a Alexander Street - Women and Social Movement in the United States 1600-2000
|
| 994 |
|
|
|a 92
|b TXA
|
| 999 |
f |
f |
|s 825552e6-c04a-45d2-a886-64560b773032
|i d93825d5-4a50-4b0b-84ec-e3055745b47d
|t 0
|
| 952 |
f |
f |
|a Texas A&M University
|b College Station
|c Electronic Resources
|d Available Online
|t 0
|h Library of Congress classification
|
| 998 |
f |
f |
|t 0
|l Available Online
|